Statistics for 20 largest nordic municipalities

Click here to take the quiz!

General Stats

  • This quiz has been taken 9 times
  • The average score is 10 of 20

Answer Stats

HintAnswer% Correct
20 551Kiruna
100%
16 818Gällivarre
88%
14 494Arjeplog
75%
19 334Jokkmokk
75%
8 237Åre
63%
15 056Inari
63%
8 050Pajala
63%
8 740Vilhelmina
63%
9 707Kautokeino
50%
8 095Kittilä
50%
11 692Sodankylä
50%
8 234Storuman
50%
11 781Strömsund
50%
8 884Fljótsdalshérað
38%
522 700Avannaata
25%
11 860Härjedalen
25%
32 000Kujalleq
25%
115 500Qeqqata
25%
531 900Semersooq
25%
62 400Qeqertalik
13%

Score Distribution

Percentile by Number Answered

Percent of People with Each Score

Your Score History

You have not taken this quiz